Some Songs By The Offspring - Statistics

General Stats
  • This quiz has been taken 9 times
  • The average score is 3 of 7
Answer Stats
Answer % Correct
pretty fly
67%
the kids aren't alright
67%
Come out and play
56%
all i want
33%
want you bad
33%
pretty sly for a white guy
11%
bad habbit
0%
No matching quizzes found
Score Distribution
Percent of People with Each Score
Percentile by Number Answered
Your Score History
You have not taken this quiz